000 00451nam a2200181Ia 4500
003 GCL
008 140319s9999 xx 000 0 eng d
040 _aGCL /
_cGCL
082 0 4 _a515
_bW A
100 1 _aWILF, HERBERT S.
245 1 0 _aALGORITHMS AND COMPLEXITY /
_cWILF, HERBERT S.
260 _a[S.N] :
_bPRENTICE HALL ،
_c1986
300 _a231 P
650 0 4 _aMATHEMATICS
650 0 4 _aALBORITHMS
650 0 4 _aCOMPLEXITY
942 _2ddc
_cBK
999 _c23723
_d23723